| 000 | 003510000a22001570004500 | ||
|---|---|---|---|
| 001 | 000969 | ||
| 003 | MACL | ||
| 040 | _aMACL | ||
| 090 |
_c969 _d969 |
||
| 100 | _aPanda, Rabindra Kumar | ||
| 245 |
_aSuvrttatilaka of Ksemendra _cRabindra Kumar Panda |
||
| 260 |
_aParmamitra Prakashan, _c1998 |
||
| 350 | _a125 | ||
| 650 | _aReligion | ||
| 942 |
_k295 _cBook |
||
| 999 |
_c967 _d967 |
||